| 000 | 00438nam a2200157Ia 4500 | ||
|---|---|---|---|
| 003 | OSt | ||
| 005 | 20201014142948.0 | ||
| 008 | 190216s9999||||xx |||||||||||||| ||und|| | ||
| 040 | _coclc | ||
| 082 |
_a001.424 _bPOT/O |
||
| 100 |
_aPotti, L R _9868 |
||
| 245 | 0 |
_aOperations Research / _cL R Potti |
|
| 260 |
_bYamuna Publications, _aTrivandrum: |
||
| 300 | _a224p | ||
| 942 |
_cBK _2ddc _h001.424 _iPOT/O _k001.424 _mPOT/O |
||
| 999 |
_c6880 _d6880 |
||